Responses for Show #1086 - Monday, May 1, 1989

Bruce Cox game 2.

Contestants

[<< previous game]

Shawn Levy, a teacher originally from Brooklyn, New York

Janis Johama, an attorney from New York, New York

Bruce Cox, an analyst from Lakeside, California (whose 1-day cash winnings total $13,650)

[next game >>]

Jeopardy! Round responses

LANGUAGES
BOYS IN THE BAND
ANCIENT EGYPT
COOKING
FDR
"TRUE" OR "FALSE"
    $100 13
Germany

Bruce
    $100 1
The Rolling Stones

Janis
    $100 26
pyramids

Shawn
    $100 21
turtle

Triple Stumper
    $100 3
4

Shawn
    $100 11
false teeth

Janis
    $200 15
Greek & Latin

Shawn
    $200 2
The Who

Janis
    $200 30
sails

Janis
    $200 22
guacamole

Janis
    $200 7
polio

Bruce
    $200 12
true blue

Shawn
    $300 16
Asia

Shawn
    $300 4
Pink Floyd

Bruce
    $300 29
365

Triple Stumper
    $300 23
demitasse

Bruce
    $300 8
cigarette holder

Bruce
    $300 14
falsetto

Shawn
    $400 17
Arabic

Janis
    $400 5
The Doobie Brothers

Bruce
    $400 28
Lebanon

Janis
    $400 24
lemon

Shawn
    $400 9
Fireside Chats

Bruce
    $500 19
[The song was reprised going into the break.]

"Be True to Your School"

Janis
    $500 18
omega

Janis
    $500 6
Steely Dan

Bruce
    $500 27
Alexandria

Shawn
    $500 25
pesto

Bruce
    $500 10
John Nance Garner

Bruce
    $500 20
false colors

Triple Stumper

Scores at the first commercial break (after clue 18):

Bruce Janis Shawn
$2,700 $1,300 $1,100

Scores at the end of the Jeopardy! Round:

Bruce Janis Shawn
$3,500 $2,600 $2,100

Double Jeopardy! Round responses

BOOKS OF THE '80s
FASHION
WORLD CAPITALS
FLOWERS
INDIANS
APRIL
(Alex: We're just a little bit late with that one.)
    $200 1
Star Trek

Bruce
    $200 16
mantle

Shawn
    $200 6
Athens

Bruce
    $200 26
camellias

Shawn
    $200 18
bison

Bruce
    $200 11
April Fools' Day

Janis
    $400 2
Andy Warhol

Janis
    $400 17
beard

Bruce
    $400 7
Addis Ababa

Bruce
    $400 30
white

Bruce
    $400 19
Inca

Bruce
    $400 12
drivers licenses

Bruce
    $600 3
Erich Segal

Bruce
    $600 22
jacket

Shawn
    $600 8
Nicosia

Triple Stumper
    $600 29
(Bruce: What are sunflowers?)

chrysanthemums

Bruce
Triple Stumper
    $800 20
corn/maize

Bruce
    $600 13
the Pony Express

Bruce
    $800 4
the Gods

Shawn
    $800 23
skirt

Shawn
    $800 9
Montevideo

Janis
    $400 28
lotus

Shawn
    $800 21
Apache

Shawn
    $800 14
William Henry Harrison

Shawn
    $1000 5
Judith Krantz

Shawn
    $1000 24
wigs

Janis
    $1000 10
(Shawn: What is Sydney?)

Melbourne

Shawn
Triple Stumper
    $1000 27
crocus

Triple Stumper
    $1000 25
hogans

Janis
    $1000 15
(Bruce: Who was Leontyne Price?)

Marian Anderson

BruceJanis

Scores at the end of the Double Jeopardy! Round:

Bruce Janis Shawn
$6,500 $7,000 $6,700

[wagering suggestions for these scores]

Final Jeopardy! Round responses

U.S. STATES
BruceWhat is New Mexico??
$6,500
ShawnWhat is Arizona?
$6,301
JanisWhat is Arizona
$6,450
New Mexico

Final scores:

Bruce Janis Shawn
$13,000 $550 $399
2-day champion: $26,650 2nd place: Trip to Bahamas Princess Resort 3rd place: Dresher brass bed

Game dynamics:

Coryat scores:

Bruce Janis Shawn
$6,300 $6,900 $7,100
21 R
(including 1 DD),
2 W
15 R
(including 1 DD),
0 W
17 R
(including 1 DD),
1 W

Combined Coryat: $20,300

[game clues] [game scores] [suggest correction]

Game tape date: 1989-01-30
The J! Archive is created by fans, for fans. Scraping, republication, monetization, and malicious use prohibited; this site may use cookies and collect identifying information. See terms. The Jeopardy! game show and all elements thereof, including but not limited to copyright and trademark thereto, are the property of Jeopardy Productions, Inc. and are protected under law. This website is not affiliated with, sponsored by, or operated by Jeopardy Productions, Inc. Join the discussion at JBoard.tv.